00254nam a2200085Ia 4500001000800000005001700008008004100025245008200066260002000148125040120251031150855.0251031s9999 xx 000 0 und d 0cTUĞBA AKBEY İNANaE-3 ÇOCUKLARI ANNELERİ BÜYÜTÜR VE BABALARI DA bCEZVE YAYINLARI